000 01085nab a2200217 i 4500
001 768714001
003 CO-MdFUSB
005 20260316103436.0
008 230506s1999 ||||| |||| 00| 0 eng d
040 _beng
_aCO-MdFUSB
_cCO-MdFUSB
_dCO-MdFUSB
041 _aeng
100 _aAnderson, Leith
_eautor
245 _a7 ways to rate your church :
_byour congregation's spiritual condition can be tested
_c/ Leith Anderson
300 _aVolumen 20, número 1 (Winter 1999), páginas 37 - 40
_c; 27 cm
520 _aMoney magazine cada año valora los 300 mejores lugares para vivir en los Estados Unidos. Las valoraciones están basadas en el clima, la comodidad, la tasa de crimen, trasporte público, atención médica y otros factores. Un planteamiento similar se toma con las iglesias. LIDERSHIP enseña 7 formas para valorar tu iglesia.
546 _aTexto en inglés
650 7 _aCristianismo
_922
773 0 _068780
_981948
_oR2463
_tLeadership :
_w(CO-MdFUSB)768714001
_gVolumen 20, número 1 (Winter 1999), páginas 37 - 40
_qpágina 37
942 _cANA
945 _aJTF-925
999 _c68850
_d68850